000 00297nam a22001337a 4500
008 210427b ||||| |||| 00| 0 eng d
041 _aeng
080 _a37
082 _a37
100 _a46
101 _aEDU
245 _aCollege English and Communication
_cMarie M. Stewart
942 _2udc
_cBK
999 _c56836
_d56836